Statistiche per I principali paesi produttori n°1

Clicka qui per fare il quiz!

Statistiche generali

  • Questo quiz è stato fatto 108 volte
    (107 dall'ultimo reset)
  • Il punteggio medio è 11 su 20

Statistiche sulle risposte

Hint% Corretto
4Stati Uniti
91%
3Stati Uniti
91%
1Cina
90%
3Cina
90%
2India
86%
2India
86%
1India
86%
1Messico
77%
5Colombia
59%
2Indonesia
58%
4Indonesia
58%
3Thailandia
56%
4Turchia
50%
5Egitto
49%
2Bangladesh
37%
5Nepal
28%
1Myanmar
15%
4Sudan
9%
3Repubblica Dominicana
7%
5Tanzania
2%

Distribuzione punteggi

Percentile per numero di risposta

Percentuale di utenti per punteggio

I tuoi punteggi nel tempo

Non hai fatto questo quiz dall'ultimo reset